[Event "XXXV MEMORIAL IMIENIA LUDWIKA ZAMENHOFA"]
[Site "Bialystok"]
[Date "2016.12.27"]
[Round "2.1"]
[White "Socko, Bartosz"]
[Black "Gurbanov, Andrei"]
[Result "1-0"]
[WhiteElo "2613"]
[BlackElo "2330"]
[PlyCount "89"]
[EventDate "2016.??.??"]

1. e4 e5 2. Nf3 Nc6 3. d4 exd4 4. Bc4 Bc5 5. O-O Nf6 6. e5 d5 7. exf6 dxc4 8.
fxg7 Rg8 9. Re1+ Be7 10. Bg5 Be6 11. Bxe7 Kxe7 12. Re4 d3 13. cxd3 Qxd3 14. Nc3
Rad8 15. Qc1 Rxg7 16. Qf4 Qd6 17. Qh6 Kf8 18. Rae1 Kg8 19. Qh4 Rf8 20. Rd1 Qc5
21. Rf4 Qe7 22. Qh5 Nb4 23. Ne5 Nd3 24. Nxd3 cxd3 25. Qf3 d2 26. Qe3 Re8 27.
Rxd2 Qg5 28. g3 f5 29. h4 Qh5 30. Qxa7 Qh6 31. Kh2 c6 32. Re2 Rf8 33. Qe3 Rg6
34. a3 b5 35. Qc5 Bc4 36. Re7 Rg4 37. Rxg4+ fxg4 38. Re4 Qg6 39. Qd4 h5 40. Re5
Qf7 41. Rg5+ Kh7 42. Qe4+ Kh6 43. Qxc6+ Kh7 44. Ne4 Bd3 45. Rxg4 1-0

[Event "XXXV MEMORIAL IMIENIA LUDWIKA ZAMENHOFA"]
[Site "Bialystok"]
[Date "2016.12.27"]
[Round "2.2"]
[White "Olhovik, Andrei"]
[Black "Azarov, Sergei"]
[Result "0-1"]
[WhiteElo "2297"]
[BlackElo "2600"]
[PlyCount "74"]
[EventDate "2016.??.??"]

1. d4 Nf6 2. Nf3 d5 3. c4 dxc4 4. e3 b5 5. a4 b4 6. Bxc4 e6 7. O-O Bb7 8. Nbd2
Be7 9. Qe2 O-O 10. Nb3 Nbd7 11. Rd1 c5 12. dxc5 Qc7 13. Bd2 a5 14. Rac1 Nxc5
15. Nxc5 Bxc5 16. h3 h6 17. Be1 Rfd8 18. Rxd8+ Rxd8 19. Bb5 Ne4 20. Nd2 Nxd2
21. Bxd2 Qe5 22. Be1 Qg5 23. Qf1 Bd6 24. f4 Qd5 25. Rc2 Bc5 26. Qe2 Qf5 27. Rc4
Bb6 28. Bf2 Qd5 29. e4 Qd1+ 30. Qf1 Bxf2+ 31. Kxf2 Qd2+ 32. Kf3 Qxb2 33. Qe2
Rd2 34. Qe3 Rxg2 35. Rc7 Rh2 36. Bf1 Ba6 37. e5 Bxf1 0-1

[Event "XXXV MEMORIAL IMIENIA LUDWIKA ZAMENHOFA"]
[Site "Bialystok"]
[Date "2016.12.27"]
[Round "2.3"]
[White "Markowski, Tomasz"]
[Black "Khamitskiy, Sergei"]
[Result "1-0"]
[WhiteElo "2563"]
[BlackElo "2290"]
[PlyCount "107"]
[EventDate "2016.??.??"]

1. d4 d5 2. Nf3 Nf6 3. c4 dxc4 4. e3 Bg4 5. Bxc4 e6 6. O-O a6 7. h3 Bh5 8. Be2
c5 9. b3 Nc6 10. Bb2 cxd4 11. Nxd4 Bxe2 12. Qxe2 Nxd4 13. Bxd4 Be7 14. Rd1 Qa5
15. Nd2 O-O 16. Nc4 Qh5 17. Qxh5 Nxh5 18. Na5 b5 19. Nc6 Bf6 20. Rac1 Bxd4 21.
Rxd4 Nf6 22. e4 Rfe8 23. f3 Kf8 24. Ne5 g5 25. Rd6 Ra7 26. Kf2 h5 27. Rc5 g4
28. Ke3 gxh3 29. gxh3 h4 30. Rd1 Rb7 31. Kf4 Ke7 32. Rdc1 Kf8 33. Rc6 Ra7 34.
Rc7 Re7 35. Rxe7 Rxe7 36. Kg5 Nd7 37. Rc8+ Kg7 38. Nc6 f6+ 39. Kxh4 Rf7 40. Kg3
f5 41. e5 f4+ 42. Kg4 Kh6 43. Re8 Nf8 44. Nd4 Rg7+ 45. Kxf4 Ng6+ 46. Ke4 Rc7
47. Rxe6 Rc1 48. Rxa6 Re1+ 49. Kd3 Kg5 50. e6 Nf4+ 51. Kd2 Re5 52. Rb6 Kf6 53.
Rxb5 Rxb5 54. Nxb5 1-0

[Event "XXXV MEMORIAL IMIENIA LUDWIKA ZAMENHOFA"]
[Site "Bialystok"]
[Date "2016.12.27"]
[Round "2.4"]
[White "Kultiyasov, Mikhail"]
[Black "Stupak, Kirill"]
[Result "0-1"]
[WhiteElo "2273"]
[BlackElo "2562"]
[PlyCount "87"]
[EventDate "2016.??.??"]

1. e4 c6 2. d4 d5 3. Nc3 dxe4 4. Nxe4 Nd7 5. Bd3 Ndf6 6. Ng5 Bg4 7. f3 Bh5 8.
Ne2 e6 9. c3 Bd6 10. Nf4 Bg6 11. Qe2 Ne7 12. g3 Bxf4 13. Bxf4 O-O 14. Ne4 Nxe4
15. fxe4 f6 16. h4 Bf7 17. h5 h6 18. O-O-O e5 19. dxe5 fxe5 20. Bxe5 Qa5 21.
Bd6 Rfe8 22. e5 Kh8 23. Qe4 Bg8 24. Qh4 Nd5 25. a3 Ne3 26. Rd2 Qd5 27. Bb1 Qe6
28. Rf2 Rad8 29. Re1 Nc4 30. Bf5 Qxd6 31. exd6 Rxe1+ 32. Kc2 Rxd6 33. Bd3 Ne5
34. Bg6 Nc4 35. Bd3 Ne3+ 36. Kd2 Rd1+ 37. Kxe3 R1xd3+ 38. Ke2 Rd2+ 39. Ke1 Rd1+
40. Ke2 R6d2+ 41. Ke3 Rd8 42. Qe7 R1d7 43. Qc5 Re8+ 44. Kf3 0-1

[Event "XXXV MEMORIAL IMIENIA LUDWIKA ZAMENHOFA"]
[Site "Bialystok"]
[Date "2016.12.27"]
[Round "2.5"]
[White "Heberla, Bartlomiej"]
[Black "Zochowski, Kacper"]
[Result "1-0"]
[WhiteElo "2553"]
[BlackElo "2261"]
[PlyCount "45"]
[EventDate "2016.??.??"]

1. Nf3 Nf6 2. g3 d5 3. Bg2 e6 4. O-O Be7 5. d3 O-O 6. Nbd2 c5 7. e4 Nc6 8. e5
Nd7 9. Re1 Qc7 10. Qe2 b5 11. Nf1 Re8 12. Bf4 Qd8 13. h4 f6 14. exf6 Bxf6 15.
c3 Ba6 16. Ne3 b4 17. c4 Nb6 18. Ng5 h6 19. Qh5 hxg5 20. hxg5 Bxb2 21. g6 Bxa1
22. Nf5 Ne7 23. Nxe7+ 1-0

[Event "XXXV MEMORIAL IMIENIA LUDWIKA ZAMENHOFA"]
[Site "Bialystok"]
[Date "2016.12.27"]
[Round "2.6"]
[White "Kosakowski, Jakub"]
[Black "Jakubowski, Krzysztof"]
[Result "0-1"]
[WhiteElo "2249"]
[BlackElo "2531"]
[PlyCount "62"]
[EventDate "2016.??.??"]

1. e4 c5 2. Nf3 d6 3. d4 cxd4 4. Nxd4 Nf6 5. Nc3 a6 6. Bg5 e6 7. f4 Be7 8. Qf3
Qc7 9. O-O-O Nbd7 10. g4 b5 11. Bxf6 gxf6 12. Bh3 b4 13. Nd5 exd5 14. exd5 Nb8
15. Rhe1 Ra7 16. Re4 O-O 17. Nf5 Bxf5 18. gxf5 Kh8 19. Rde1 Rc8 20. Qf2 Bf8 21.
R4e2 Nd7 22. Qh4 Bg7 23. Rg1 Rg8 24. Reg2 Qc5 25. Qe1 Raa8 26. Re2 Bh6 27. Rf1
Rac8 28. Kb1 Qxd5 29. Re7 Nb6 30. Rf2 Nc4 31. Bf1 Rg1 0-1

[Event "XXXV MEMORIAL IMIENIA LUDWIKA ZAMENHOFA"]
[Site "Bialystok"]
[Date "2016.12.27"]
[Round "2.7"]
[White "Kanarek, Marcel"]
[Black "Buraczewski, Rafal"]
[Result "1-0"]
[WhiteElo "2526"]
[BlackElo "2249"]
[PlyCount "73"]
[EventDate "2016.??.??"]

1. Nf3 Nf6 2. g3 d5 3. Bg2 c6 4. O-O Bg4 5. c4 e6 6. b3 Nbd7 7. d4 Be7 8. Bb2
O-O 9. Nbd2 Re8 10. Rc1 Qc7 11. Ne5 Nxe5 12. dxe5 Nd7 13. h3 Bh5 14. g4 Bg6 15.
cxd5 exd5 16. f4 h6 17. Kh1 Qb6 18. e4 Nc5 19. f5 Bh7 20. Qc2 dxe4 21. Nxe4
Nxe4 22. Bxe4 Rad8 23. e6 c5 24. f6 Bxe4+ 25. Qxe4 Bxf6 26. Bxf6 gxf6 27. exf7+
Kxf7 28. Qh7+ Kf8 29. Qxh6+ Kf7 30. Qh7+ Kf8 31. g5 Re6 32. g6 Qc6+ 33. Kg1 Qd7
34. Qh8+ Ke7 35. Qg7+ Ke8 36. Qg8+ Ke7 37. Qf7+ 1-0

[Event "XXXV MEMORIAL IMIENIA LUDWIKA ZAMENHOFA"]
[Site "Bialystok"]
[Date "2016.12.27"]
[Round "2.8"]
[White "Jaroch, Karol"]
[Black "Bobras, Piotr"]
[Result "0-1"]
[WhiteElo "2247"]
[BlackElo "2523"]
[PlyCount "60"]
[EventDate "2016.??.??"]

1. e4 c5 2. Nc3 d6 3. Nf3 a6 4. d4 cxd4 5. Nxd4 Nf6 6. Bc4 e6 7. O-O Be7 8. a4
O-O 9. Qe2 Nc6 10. Rd1 Qc7 11. Be3 Bd7 12. f3 Na5 13. Ba2 Rab8 14. g4 g6 15.
Qd3 Rfc8 16. Bf2 Bf8 17. Rac1 e5 18. Nde2 b5 19. axb5 axb5 20. g5 Nh5 21. b4
Nc4 22. Bxc4 bxc4 23. Qe3 Be6 24. b5 Be7 25. Ra1 Qd8 26. Qd2 Bxg5 27. Qxd6 Qf6
28. Nd5 Qxf3 29. Qxe5 Bxd5 30. Rxd5 Bf6 0-1

[Event "XXXV MEMORIAL IMIENIA LUDWIKA ZAMENHOFA"]
[Site "Bialystok"]
[Date "2016.12.27"]
[Round "2.9"]
[White "Kveinys, Aloyzas"]
[Black "Pietruszewski, Marcin"]
[Result "1-0"]
[WhiteElo "2518"]
[BlackElo "2208"]
[PlyCount "85"]
[EventDate "2016.??.??"]

1. d4 Nf6 2. c4 e6 3. Nc3 Bb4 4. e3 O-O 5. Nge2 d5 6. a3 Bd6 7. Ng3 b6 8. cxd5
exd5 9. Be2 Re8 10. O-O Bb7 11. Qc2 a6 12. Bd2 Nbd7 13. Bf3 c5 14. Rfe1 Rc8 15.
Rad1 b5 16. Nf5 Bb8 17. dxc5 Rxc5 18. g3 Ne4 19. Nd4 Ndf6 20. Qb1 Ba7 21. Bg2
Rc8 22. Nce2 Ng4 23. Rf1 Qf6 24. Be1 Qh6 25. h3 Ne5 26. Nf4 Rcd8 27. Bb4 Qf6
28. b3 Bb6 29. Qa1 a5 30. Bc3 Ba6 31. b4 a4 32. Nxd5 Rxd5 33. Bxe4 Rdd8 34. Nc6
Rxd1 35. Rxd1 Bxe3 36. Qb2 Bxf2+ 37. Qxf2 Qxf2+ 38. Kxf2 Nc4 39. Ne7+ Kf8 40.
Bc6 Rb8 41. Nf5 g6 42. Nh6 Rc8 43. Bf6 1-0

[Event "XXXV MEMORIAL IMIENIA LUDWIKA ZAMENHOFA"]
[Site "Bialystok"]
[Date "2016.12.27"]
[Round "2.10"]
[White "Karwowski, Kacper"]
[Black "Leniart, Arkadiusz"]
[Result "0-1"]
[WhiteElo "2201"]
[BlackElo "2482"]
[PlyCount "74"]
[EventDate "2016.??.??"]

1. e4 e5 2. Nf3 Nc6 3. Bb5 a6 4. Ba4 Nf6 5. O-O Be7 6. Re1 b5 7. Bb3 d6 8. c3
O-O 9. h3 Nb8 10. d4 Nbd7 11. Nbd2 Bb7 12. Bc2 Re8 13. Nf1 Bf8 14. Ng3 g6 15.
Nh2 c5 16. d5 c4 17. f4 exf4 18. Bxf4 Ne5 19. Nf3 Nfd7 20. Rf1 Bg7 21. Qd2 Nc5
22. Nxe5 Bxe5 23. Bxe5 Rxe5 24. Qf4 Qe7 25. Rf3 Rf8 26. Raf1 Nd7 27. h4 f6 28.
h5 Rg5 29. hxg6 hxg6 30. Qh4 Ne5 31. Kf2 Nxf3 32. gxf3 Rf7 33. f4 Rh7 34. Qxh7+
Qxh7 35. fxg5 Qh2+ 36. Kf3 Qxc2 37. Kg4 Bc8+ 0-1

[Event "XXXV MEMORIAL IMIENIA LUDWIKA ZAMENHOFA"]
[Site "Bialystok"]
[Date "2016.12.27"]
[Round "2.11"]
[White "Koziak, Vitali"]
[Black "Rozycki, Bartlomiej"]
[Result "1-0"]
[WhiteElo "2479"]
[BlackElo "2190"]
[PlyCount "63"]
[EventDate "2016.??.??"]

1. Nf3 d5 2. d4 Nf6 3. c4 e6 4. Nc3 Bb4 5. Qb3 c5 6. dxc5 Na6 7. a3 Bxc3+ 8.
Qxc3 Nxc5 9. cxd5 Qxd5 10. Be3 Nce4 11. Qe5 Qxe5 12. Nxe5 Nd5 13. Bc1 f6 14.
Nd3 e5 15. f3 Nd6 16. e4 Nc7 17. Be3 Ne6 18. Nb4 Bd7 19. Rd1 Nf7 20. Bc4 Rc8
21. Bxe6 Bxe6 22. Bxa7 Bb3 23. Rb1 Nd8 24. Bb6 Nc6 25. Rc1 Kd7 26. Nd3 Ke7 27.
Rc3 Be6 28. Kd2 Nd4 29. Bc5+ Kf7 30. Bxd4 exd4 31. Rxc8 Rxc8 32. Rc1 1-0

[Event "XXXV MEMORIAL IMIENIA LUDWIKA ZAMENHOFA"]
[Site "Bialystok"]
[Date "2016.12.27"]
[Round "2.12"]
[White "Smieszek, Wojciech"]
[Black "Nasuta, Grzegorz"]
[Result "0-1"]
[WhiteElo "2185"]
[BlackElo "2448"]
[PlyCount "76"]
[EventDate "2016.??.??"]

1. e4 c5 2. Nf3 d6 3. d4 cxd4 4. Nxd4 Nf6 5. Nc3 a6 6. Nb3 Nc6 7. Be2 e6 8. Be3
b5 9. f3 Be7 10. Qd2 O-O 11. g4 Bb7 12. g5 Nd7 13. f4 Na5 14. a3 Nxb3 15. cxb3
Nc5 16. Qc2 f5 17. gxf6 Bxf6 18. O-O-O Rc8 19. Bf3 a5 20. Kb1 b4 21. Nb5 Nxe4
22. Qg2 Qe8 23. Bxe4 Bxe4+ 24. Qxe4 Qxb5 25. Qxe6+ Kh8 26. Qd5 Qe8 27. Bd4 Bxd4
28. Qxd4 bxa3 29. Rhg1 Qf7 30. Rg3 axb2 31. Qxb2 Rc7 32. Rdg1 Qf5+ 33. Ka1 Rff7
34. Qd4 Qxf4 35. Qb6 h6 36. Qb5 Rc1+ 37. Kb2 Rxg1 38. Rxg1 Qxh2+ 0-1

[Event "XXXV MEMORIAL IMIENIA LUDWIKA ZAMENHOFA"]
[Site "Bialystok"]
[Date "2016.12.27"]
[Round "2.13"]
[White "Socko, Monika"]
[Black "Dzhuguryan, Tygran"]
[Result "1/2-1/2"]
[WhiteElo "2441"]
[BlackElo "2176"]
[PlyCount "85"]
[EventDate "2016.??.??"]

1. d4 d5 2. c4 e6 3. Nc3 Nf6 4. Nf3 Be7 5. Bf4 O-O 6. e3 a6 7. Rc1 dxc4 8. Bxc4
b5 9. Bd3 Bb7 10. a3 Nbd7 11. b4 Nh5 12. Bg3 Nxg3 13. hxg3 Nf6 14. Qc2 h6 15.
Ne4 Nxe4 16. Bxe4 Bxe4 17. Qxe4 a5 18. Ne5 axb4 19. Nc6 Qd7 20. axb4 Bd6 21. g4
f5 22. gxf5 exf5 23. Qd5+ Qf7 24. Qxb5 f4 25. O-O fxe3 26. fxe3 Qg6 27. Ne5 Qg3
28. Qd5+ Kh7 29. Qe4+ Kg8 30. b5 Rae8 31. Rxf8+ Rxf8 32. Rf1 Re8 33. Rf3 Qe1+
34. Kh2 Qc3 35. Rf5 Qb3 36. Qc6 Rb8 37. b6 Rxb6 38. Qe8+ Kh7 39. Rf3 Qd5 40.
Qg6+ Kg8 41. Qe8+ Kh7 42. Qg6+ Kg8 43. Qe8+ 1/2-1/2

[Event "XXXV MEMORIAL IMIENIA LUDWIKA ZAMENHOFA"]
[Site "Bialystok"]
[Date "2016.12.27"]
[Round "2.14"]
[White "Walkusz, Witoslaw"]
[Black "Berzinsh, Roland"]
[Result "0-1"]
[WhiteElo "2171"]
[BlackElo "2408"]
[PlyCount "75"]
[EventDate "2016.??.??"]

1. e4 e5 2. Nf3 Nc6 3. Bb5 Nge7 4. d4 exd4 5. Nxd4 g6 6. c3 Bg7 7. Be3 O-O 8.
O-O d5 9. exd5 Ne5 10. Nb3 a6 11. Be2 Nxd5 12. Bc5 Re8 13. f4 Nc6 14. Bc4 Nf6
15. Qxd8 Rxd8 16. N1d2 b6 17. Bf2 Bf5 18. Nf3 b5 19. Be2 Nd5 20. g3 Nb6 21.
Bxb6 cxb6 22. Rad1 b4 23. Nbd4 Nxd4 24. Nxd4 Bh3 25. Bf3 Bxf1 26. Bxa8 Bc4 27.
Bb7 a5 28. a3 b5 29. axb4 axb4 30. Bf3 bxc3 31. bxc3 b4 32. Nc6 Rxd1+ 33. Bxd1
b3 34. Ne5 b2 35. Bc2 Ba2 36. Kf2 b1=Q 37. Bxb1 Bxb1 38. Ke3 0-1

[Event "XXXV MEMORIAL IMIENIA LUDWIKA ZAMENHOFA"]
[Site "Bialystok"]
[Date "2016.12.27"]
[Round "2.15"]
[White "Cukrowski, Filip"]
[Black "Mammadov, Vafa"]
[Result "1-0"]
[WhiteElo "2372"]
[BlackElo "2151"]
[PlyCount "180"]
[EventDate "2016.??.??"]

1. e4 c5 2. Nf3 Nc6 3. d4 cxd4 4. Nxd4 Qb6 5. Nb3 Nf6 6. Nc3 e6 7. Bd3 Be7 8.
O-O d6 9. Kh1 O-O 10. f4 a6 11. Qe2 Qc7 12. Bd2 b5 13. a3 Bb7 14. Rae1 b4 15.
axb4 Nxb4 16. Nb5 axb5 17. Bxb4 e5 18. f5 Rfc8 19. c3 d5 20. Bxe7 Qxe7 21. exd5
Bxd5 22. Nd2 Ra2 23. Nf3 Rxc3 24. Bb1 Rxf3 25. gxf3 Bc4 26. Bd3 h5 27. Bxc4
bxc4 28. Ra1 Rxa1 29. Rxa1 Qb7 30. Rc1 e4 31. fxe4 Nxe4 32. Qg2 Nf2+ 33. Kg1
Qxb2 34. Re1 Nd3 35. Qxb2 Nxb2 36. Re8+ Kh7 37. Rf8 f6 38. Rc8 Kh6 39. h4 Kh7
40. Kg2 Nd3 41. Rxc4 Ne5 42. Rc7 Kh6 43. Rc8 g6 44. fxg6 Kxg6 45. Kg3 Kf7 46.
Rc7+ Kg6 47. Kf4 Nf7 48. Rc8 Nh6 49. Rc5 Nf7 50. Rc3 Nh6 51. Ke4 Ng4 52. Kd5
Nh6 53. Rf3 Nf5 54. Rf4 Ng7 55. Kd6 Kf7 56. Kd7 Kg6 57. Ke7 Nf5+ 58. Ke6 Ng7+
59. Kd6 Nf5+ 60. Kd7 Ng7 61. Rf1 Nf5 62. Ke6 Ng7+ 63. Kd5 Nf5 64. Rf4 Ng7 65.
Rf3 Nf5 66. Rh3 Kf7 67. Ke4 Kg6 68. Rh2 Nh6 69. Ra2 Kf7 70. Ra5 Kg6 71. Rb5 Nf7
72. Rb2 Nh6 73. Ra2 Kf7 74. Rg2 Ng4 75. Rg1 Nh6 76. Kf4 Ng4 77. Kf5 Nh6+ 78.
Ke4 Ng4 79. Kd5 Nh6 80. Rf1 Ng4 81. Kd6 Nh6 82. Rf4 Ng4 83. Rf5 Kg6 84. Ke6 Nh6
85. Rxf6+ Kg7 86. Rf1 Kg6 87. Rg1+ Ng4 88. Rg3 Kg7 89. Kf5 Kf7 90. Kg5 Kg7 1-0

[Event "XXXV MEMORIAL IMIENIA LUDWIKA ZAMENHOFA"]
[Site "Bialystok"]
[Date "2016.12.27"]
[Round "2.16"]
[White "Wisniewski, Jacek"]
[Black "Kowalczyk, Pawel"]
[Result "1/2-1/2"]
[WhiteElo "1878"]
[BlackElo "2353"]
[PlyCount "157"]
[EventDate "2016.??.??"]

1. e4 c5 2. Nf3 d6 3. d4 cxd4 4. Qxd4 Nc6 5. Bb5 a6 6. Bxc6+ bxc6 7. Nc3 e5 8.
Qc4 Qc7 9. Bg5 Be6 10. Qd3 h6 11. Bh4 g5 12. Bg3 Nf6 13. O-O Be7 14. Rfe1 Nh5
15. Rad1 Nf4 16. Qe3 Rb8 17. b3 Rg8 18. Ne2 h5 19. h3 Qc8 20. Nd2 Bxh3 21. gxh3
Qxh3 22. Qf3 g4 23. Qh1 Nxe2+ 24. Rxe2 h4 25. Qxh3 gxh3 26. Kh2 hxg3+ 27. fxg3
Rh8 28. Nc4 Rd8 29. Red2 Rh6 30. g4 Kf8 31. Rd3 Bg5 32. Nxd6 Bf4+ 33. Kh1 Rg6
34. Nf5 Rxd3 35. Rxd3 Ke8 36. Rxh3 Rxg4 37. Rd3 Bc1 38. Rg3 Rf4 39. Kg2 Ba3 40.
Rg8+ Kd7 41. Ng3 Bc5 42. Rg5 Rf2+ 43. Kh3 Ke6 44. Nf5 Rxc2 45. Rg2 Rc1 46. Kg4
Rf1 47. Ng3 Rf4+ 48. Kh3 Bf2 49. Nf5 a5 50. Rg4 Rxe4 51. Rxe4 Kxf5 52. Rc4 c5
53. Kg2 Bd4 54. Kf3 e4+ 55. Ke2 Ke5 56. a3 f5 57. b4 cxb4 58. axb4 Kd5 59. Rc8
axb4 60. Rf8 Ke6 61. Re8+ Kd5 62. Rf8 b3 63. Rxf5+ Kc4 64. Rf8 b2 65. Rb8 Kc3
66. Rc8+ Kb3 67. Rb8+ Kc2 68. Rc8+ Bc3 69. Rb8 Bd4 70. Rc8+ Kb3 71. Rb8+ Kc4
72. Kd2 Be5 73. Rb7 Bc3+ 74. Kc2 Be5 75. Kd2 Kd5 76. Rb5+ Kc6 77. Rb3 Kd5 78.
Rb5+ Kc4 79. Rb7 1/2-1/2

[Event "XXXV MEMORIAL IMIENIA LUDWIKA ZAMENHOFA"]
[Site "Bialystok"]
[Date "2016.12.27"]
[Round "2.17"]
[White "Teclaf, Pawel"]
[Black "Norov, Artem"]
[Result "1/2-1/2"]
[WhiteElo "2341"]
[BlackElo "1819"]
[PlyCount "64"]
[EventDate "2016.??.??"]

1. e4 d5 2. exd5 Qxd5 3. Nc3 Qd6 4. d4 Nf6 5. Nf3 c6 6. Ne5 Nbd7 7. Nc4 Qc7 8.
Qf3 g6 9. Bf4 Qd8 10. O-O-O Nb6 11. Nxb6 Qxb6 12. h3 Be6 13. Be5 Bh6+ 14. Kb1
O-O 15. a3 Qa5 16. g4 Bg7 17. Bg2 Rfd8 18. Qg3 Rac8 19. f4 b5 20. f5 gxf5 21.
gxf5 Bxf5 22. Ne4 Bg6 23. Nc5 Qb6 24. h4 Nh5 25. Qe3 Bxe5 26. Qxe5 Qc7 27. Qe3
Qf4 28. Qc3 Ng3 29. Rhe1 Qxh4 30. Re5 Nf5 31. Be4 e6 32. Rh1 Qf2 1/2-1/2

[Event "XXXV MEMORIAL IMIENIA LUDWIKA ZAMENHOFA"]
[Site "Bialystok"]
[Date "2016.12.27"]
[Round "2.18"]
[White "Klimaszewski, Dariusz"]
[Black "Wojtaszewski, Piotr"]
[Result "1-0"]
[WhiteElo "2161"]
[BlackElo "1995"]
[PlyCount "71"]
[EventDate "2016.??.??"]

1. e4 e5 2. Nf3 Nc6 3. c3 d5 4. Qa4 dxe4 5. Nxe5 Nf6 6. Bb5 Bd7 7. Nxc6 bxc6 8.
Bxc6 Bc5 9. O-O O-O 10. b4 Bb6 11. Bxd7 Nxd7 12. Qc2 Re8 13. Bb2 Qh4 14. c4 c5
15. b5 Ne5 16. Bxe5 Rxe5 17. Nc3 Bc7 18. g3 Qh3 19. Rfe1 f5 20. Nd5 Bd6 21. Nf4
Qh6 22. d3 Rae8 23. dxe4 Rxe4 24. Rxe4 Rxe4 25. Nd5 Be5 26. Rf1 Bd4 27. a4 Qh5
28. Qd3 g5 29. a5 Re6 30. Qxf5 Rh6 31. h3 Qxh3 32. Ne7+ Kg7 33. Qxh3 Rxh3 34.
Nf5+ Kf6 35. Nxd4 cxd4 36. b6 1-0

[Event "XXXV MEMORIAL IMIENIA LUDWIKA ZAMENHOFA"]
[Site "Bialystok"]
[Date "2016.12.27"]
[Round "2.19"]
[White "Kohut, Anna"]
[Black "Czernek, Tymon"]
[Result "0-1"]
[WhiteElo "2007"]
[BlackElo "1877"]
[PlyCount "98"]
[EventDate "2016.??.??"]

1. e4 c5 2. Nf3 d6 3. d4 cxd4 4. Nxd4 Nf6 5. Nc3 a6 6. f4 e5 7. Nf3 Nc6 8. fxe5
Nxe5 9. Nxe5 dxe5 10. Qxd8+ Kxd8 11. Bg5 Be6 12. O-O-O+ Kc7 13. Be2 Bb4 14.
Nd5+ Nxd5 15. exd5 Bf5 16. Rhf1 Bg6 17. a3 Bd6 18. Bg4 Rhf8 19. Bf5 Bxf5 20.
Rxf5 f6 21. Bh4 b5 22. Rdf1 Kd7 23. g4 h6 24. Bg3 Rac8 25. h3 a5 26. h4 b4 27.
axb4 axb4 28. g5 b3 29. c3 Ra8 30. gxf6 gxf6 31. Kd2 Be7 32. c4 Bb4+ 33. Kd3
Rg8 34. R5f3 Rg4 35. Ke2 Re4+ 36. Re3 Rxe3+ 37. Kxe3 Rg8 38. Bf2 f5 39. Kd3 Kd6
40. Rg1 e4+ 41. Ke2 Rxg1 42. Bxg1 Bc3 43. Bh2+ Kc5 44. d6 Bxb2 45. d7 Bf6 46.
Be5 Bxh4 47. Kd2 Kxc4 48. Bf4 h5 49. Be3 Bd8 0-1

[Event "XXXV MEMORIAL IMIENIA LUDWIKA ZAMENHOFA"]
[Site "Bialystok"]
[Date "2016.12.27"]
[Round "2.20"]
[White "Kostyra, Stanislaw"]
[Black "Szostko, Jakub"]
[Result "0-1"]
[WhiteElo "2230"]
[BlackElo "2234"]
[PlyCount "78"]
[EventDate "2016.??.??"]

1. d4 Nf6 2. c4 g6 3. Nc3 Bg7 4. e4 d6 5. Nge2 O-O 6. Ng3 c5 7. d5 h5 8. Be2 h4
9. Nf1 b5 10. cxb5 a6 11. bxa6 h3 12. g3 Qa5 13. Nd2 Bxa6 14. O-O Ne8 15. Nb3
Qb4 16. a3 Qb7 17. Bxa6 Rxa6 18. Nd2 Nd7 19. Qg4 Ne5 20. Qxh3 Nd3 21. Nf3 Nxc1
22. Rfxc1 Qxb2 23. Rab1 Qxa3 24. Ng5 Nf6 25. Qf1 Raa8 26. Nb5 Qa4 27. e5 dxe5
28. Rxc5 Qg4 29. h4 Rad8 30. Nc3 Rc8 31. Rbb5 Qd4 32. Nf3 Qxc5 33. Rxc5 Rxc5
34. Qd3 Rfc8 35. Ne4 Nxe4 36. Qxe4 Rc4 37. Qe2 Rc2 38. Qa6 e4 39. Ng5 e3 0-1

[Event "XXXV MEMORIAL IMIENIA LUDWIKA ZAMENHOFA"]
[Site "Bialystok"]
[Date "2016.??.??"]
[Round "2.21"]
[White "Murza, Adam"]
[Black "Kusenkova, Natallia"]
[Result "0-1"]
[WhiteElo "2058"]
[BlackElo "2163"]
[PlyCount "77"]
[EventDate "2016.??.??"]

1. c4 Nf6 2. g3 g6 3. Bg2 Bg7 4. Nc3 c5 5. Nf3 O-O 6. O-O d5 7. cxd5 Nxd5 8. d4
Nc6 9. e3 Be6 10. Ne2 Ndb4 11. a3 Na6 12. Nf4 Bg4 13. Qa4 Qa5 14. Qxa5 Nxa5 15.
b4 cxb4 16. axb4 Nb3 17. Rb1 Nxc1 18. Rfxc1 Bf5 19. Rb2 Rfc8 20. Rxc8+ Rxc8 21.
Nd2 Rc1+ 22. Nf1 Bc8 23. Ne2 Rc7 24. b5 Nb8 25. b6 axb6 26. Rxb6 Kf8 27. Nf4
Nd7 28. Rb5 e6 29. h4 b6 30. Nd2 Ba6 31. Rb2 Ke7 32. Ne4 Bb7 33. Nd2 Bxg2 34.
Kxg2 h6 35. Ne4 Rb7 36. Rb3 Rb8 37. Nd3 Kd8 38. f4 Ra8 39. Kf3 0-1

[Event "XXXV MEMORIAL IMIENIA LUDWIKA ZAMENHOFA"]
[Site "Bialystok"]
[Date "2016.??.??"]
[Round "2.22"]
[White "Korolev, Alexandr"]
[Black "Krzywda, Andrzej"]
[Result "1-0"]
[WhiteElo "2049"]
[BlackElo "2148"]
[PlyCount "91"]
[EventDate "2016.??.??"]

1. e4 c5 2. Nf3 d6 3. Bb5+ Nc6 4. O-O Nf6 5. Re1 e5 6. h3 Be7 7. c3 O-O 8. d4
Qc7 9. Nbd2 cxd4 10. cxd4 Nb4 11. Ba4 b5 12. Bb3 Bb7 13. a3 Nd3 14. Re3 Nf4 15.
Rc3 Qb8 16. Bc2 a5 17. d5 Rc8 18. Rxc8+ Qxc8 19. Nf1 Nd7 20. Ng3 g6 21. Be3 a4
22. Rc1 Qd8 23. Ne2 Bf6 24. Nc3 Qa5 25. g3 Nh5 26. Na2 Rc8 27. Bd3 Nc5 28. Nb4
Qd8 29. Bxb5 Nxe4 30. Bxa4 Rxc1 31. Qxc1 Bc8 32. Qc6 Bxh3 33. Qe8+ Qxe8 34.
Bxe8 Bd8 35. Nc2 Bf5 36. Nfe1 Nhf6 37. Bc6 Bc8 38. a4 Ng4 39. Ba7 Nd2 40. b4 e4
41. b5 Nc4 42. Ng2 Nge5 43. Nge3 Nxc6 44. dxc6 Nd2 45. b6 Bxb6 46. Bxb6 1-0

[Event "XXXV MEMORIAL IMIENIA LUDWIKA ZAMENHOFA"]
[Site "Bialystok"]
[Date "2016.??.??"]
[Round "2.23"]
[White "Wisniewski, Michal"]
[Black "Sroka, Janusz"]
[Result "1/2-1/2"]
[WhiteElo "2144"]
[BlackElo "2045"]
[PlyCount "84"]
[EventDate "2016.??.??"]

1. e4 e5 2. Nf3 d6 3. d4 exd4 4. Nxd4 Nf6 5. Nc3 Be7 6. g3 O-O 7. Bg2 Re8 8.
O-O c6 9. h3 Bf8 10. Be3 Na6 11. Re1 Nc5 12. Bf4 Ne6 13. Nxe6 Bxe6 14. Qd2 Qb6
15. b3 Rad8 16. Rad1 Qc7 17. Qe3 Qa5 18. Rd4 b5 19. Red1 b4 20. Na4 d5 21. Qd2
c5 22. Rd3 c4 23. bxc4 Qxa4 24. cxd5 Bc8 25. e5 Nd7 26. e6 Nc5 27. exf7+ Kxf7
28. Rf3 Kg8 29. Bc7 Ne4 30. Rxf8+ Rxf8 31. Bxe4 Rde8 32. Bg2 Ba6 33. d6 Qd7 34.
Qxb4 Re2 35. Rf1 Kh8 36. Qc5 Bb5 37. c4 Ba4 38. Qxa7 Bc6 39. Bxc6 Qxc6 40. Qb6
Qd7 41. Qb5 Qxh3 42. d7 Qxf1+ 1/2-1/2

[Event "XXXV MEMORIAL IMIENIA LUDWIKA ZAMENHOFA"]
[Site "Bialystok"]
[Date "2016.??.??"]
[Round "2.24"]
[White "Krasiewicz, Robert"]
[Black "Chomczyk, Marek"]
[Result "1/2-1/2"]
[WhiteElo "2048"]
[BlackElo "2139"]
[PlyCount "81"]
[EventDate "2016.??.??"]

1. c4 Nf6 2. g3 e6 3. Bg2 Be7 4. Nf3 O-O 5. O-O d5 6. b3 c5 7. e3 Nc6 8. d4 b6
9. Bb2 Bb7 10. cxd5 exd5 11. Nc3 Rc8 12. Ne5 Re8 13. Rc1 Bf8 14. Nxc6 Bxc6 15.
dxc5 bxc5 16. Qd3 Qd7 17. Rfd1 Red8 18. Qc2 d4 19. Ne4 Nxe4 20. Bxe4 Bxe4 21.
Qxe4 g6 22. exd4 Bg7 23. Rc2 cxd4 24. Rcd2 Re8 25. Qf3 Qc6 26. Qxc6 Rxc6 27.
Bxd4 Bxd4 28. Rxd4 Re2 29. R1d2 Re1+ 30. Kg2 Ra6 31. Rb2 Ra1 32. Ra4 Rxa4 33.
bxa4 Kg7 34. a5 h5 35. h4 Rc1 36. Rb7 Rc3 37. Rxa7 Ra3 38. Ra6 Rxa2 39. Kf3
Ra3+ 40. Ke4 Ra4+ 41. Ke3 1/2-1/2

[Event "XXXV MEMORIAL IMIENIA LUDWIKA ZAMENHOFA"]
[Site "Bialystok"]
[Date "2016.??.??"]
[Round "2.25"]
[White "Borawski, Jakub"]
[Black "Parol, Pola"]
[Result "1-0"]
[WhiteElo "2136"]
[BlackElo "2040"]
[PlyCount "65"]
[EventDate "2016.??.??"]

1. e4 c5 2. Nf3 Nc6 3. d4 cxd4 4. Nxd4 g6 5. Nc3 Bg7 6. Nde2 Nf6 7. g3 O-O 8.
Bg2 d6 9. O-O a6 10. a4 Nd7 11. Nd5 Nc5 12. c3 f5 13. exf5 Bxf5 14. Nd4 Kh8 15.
Bg5 Bxd4 16. cxd4 Ne6 17. Bh6 Ng7 18. Qd2 e5 19. Bg5 Qe8 20. Nb6 Nxd4 21. Nxa8
Qxa8 22. Ra3 Rc8 23. Rc3 Bd7 24. Bf6 Bxa4 25. f4 Bb5 26. Re1 Ndf5 27. fxe5 dxe5
28. Bxe5 Bc6 29. g4 Bxg2 30. gxf5 Bc6 31. f6 Nf5 32. f7+ Ng7 33. Qd4 1-0